000 01112cab a2200253 4500
001 W4764
008 090401t1993 xxu||||| |||| 00| 0 eng d
035 _a(Sirsi) u68792
041 _aeng
245 _aCalculation of concessionary rent
260 _c1993
350 _a0
490 _aEstates Gazette Case Summaries
_v(1993) EGCS 70 (17/4/93) (1)
520 _a"MoD v Ashman and another" CA 1 April 1993. At issue was calculation of mesne profits between the date when the wife of a serviceman was asked to vacate and the date when she did leave, having been rehoused by a local authority. Held that the plaintiff could base calculation on the market rental of the accommodation and not necessarily on the concessionary rent charged. Remitted to CC to make calculation on the basis of the value of the use of the property to the wife.
650 _aBASIS OF VALUATION
650 _aCONCESSIONARY RENTS
650 _aMARRIED QUARTERS
650 _aMINISTRY OF DEFENCE
650 _aOPEN MARKET RENTAL VALUE
650 _aRAF
690 _aHOUSING-CASE LAW
942 _n0
948 _c04/03/1997
999 _c43180
_d43180